| 000 | 00549nam a2200121 a 4500 | ||
|---|---|---|---|
| 008 | 120416s2004 ||||||||||||||||| || u | ||
| 050 | _aTHESIS/STUDENT | ||
| 100 | _aLubinda, Rebecca Monde | ||
| 245 | 1 | 4 | _aThe impact of Urban agriculture on the labour market in Kalulushi |
| 260 |
_aKitwe _bCopperbelt University, School of Built Environment, Department of Urban and Regional Planning _c2004 |
||
| 350 | _a0.00 | ||
| 995 |
_D0.00 _FCBU-MAIN LIBRARY (Kitwe) _H1 _I0.00 _M1 _UAVAILABLE _ZUniversity Collection |
||
| 999 |
_c46393 _d46393 |
||